00442nam a2200169 a 450000100060000000300090000600800410001504000280005608200150008410000270009924500470012626000320017330000100020565000130021565000210022865000230024912476CO-ViMGA141112s2004 ck r 000 u spa d aCO-ViMGAbspacCO-ViMGA04a581.5 D8411 aDugand, Gnecco Armando10aGeobotánica, botanica y ecologia vegetal aBarcelona : bLabor, c1964 a333p.14aBOTANICA14aECOLOGIA VEGETAL14aGENética VEGETAL